|
|
|
|
| LEADER |
00000nab#a22000007a#4500 |
| 001 |
arbauad001387 |
| 003 |
AR-BaUAD |
| 005 |
20250711110436.0 |
| 008 |
930714|||||||||###||||||b###|0###a|spa|| |
| 040 |
|
|
|a AR-BaUAD
|c AR-BaUAD
|b spa
|
| 100 |
|
|
|a Forges Davanzati, Lucilla
|
| 245 |
|
|
|a La carta /
|c Lucilla Forges Davanzati; Adalberto Cremonese;
|
| 300 |
0 |
|
|b fot.
|
| 653 |
|
|
|a PAPELES
|
| 653 |
|
|
|a DISEÑO GRAFICO
|
| 700 |
1 |
|
|a Cremonese, Adalberto
|
| 773 |
0 |
|
|t Interni
|g no. 316 [dic. 1981], p. 51-55
|
| 942 |
|
|
|c ARTI
|
| 952 |
|
|
|0 0
|1 0
|4 0
|7 0
|9 46307
|a AR-BAuAD
|b AR-BAuAD
|d 2025-07-11
|l 0
|p AAQA001387
|r 2025-07-11 11:04:36
|w 2025-07-11
|y ARTI
|
| 990 |
|
|
|a DG198
|b TD
|
| 998 |
|
|
|a AAQ
|b BIBUN76
|
| 999 |
|
|
|c 25980
|d 25980
|